00716nam a22002057a 4500999001900000005001700019010001500036020002600051035001400077037000900091082000800100100002400108245011600132260003200248270004600280300001900326700002500345942002200370952011800392 c186117d18611720220215110808.0 aENG-131583 a9788193897409c575.00 aEN-115115 bDBAD a512 aDas, Chandan Bikash aIntroduction to Classical Algebra:bConcepts, Theory and Applications/cChandan Bikash Das, Pabitra Kumar Gouri aKolkatabArunabha Senc2019 a8/1, Chintamoni Das LanebKolkatae700009 avp.c24cm(pbk) aGouri, Pabitra Kumar 2ddccENh512mDAS 001040708NFICaBNbBNd2022-02-15eDBAD/PUBg575.00l0o512 DASpEN-115115r2022-02-15 00:00:00t1v575.00yEN